000
00342nam a2200145Ia 4500
008
100415s9999 xx 000 0 und d
082
_b
10526
_a
595.7
100
_a
Brian,M.V
245
_a
Social Insects
260
_a
LONDON
_c
1983
_b
CHAPMAN & HALL
365
_b
0
630
_a
Social Insects
730
_a
Social Insects
942
_c
BOOK
999
_c
593453
_d
593450